<?xml version="1.0" encoding="UTF-8"?>
<collection xmlns="http://www.loc.gov/MARC21/slim">
 <record>
  <leader>     na                 </leader>
  <controlfield tag="001">INLIS000000000014876</controlfield>
  <controlfield tag="005">20251007020656</controlfield>
  <datafield tag="035" ind1=" " ind2=" ">
   <subfield code="a">0010-1025000016</subfield>
  </datafield>
  <datafield tag="245" ind1="1" ind2=" ">
   <subfield code="a">Ekonomi teknik /</subfield>
   <subfield code="c">Muhammad Faisal Ibrahim</subfield>
  </datafield>
  <datafield tag="100" ind1="0" ind2=" ">
   <subfield code="a">Muhammad Faisal Ibrahim</subfield>
  </datafield>
  <datafield tag="300" ind1=" " ind2=" ">
   <subfield code="a">xiv, 226 hlm.; 23 cm.</subfield>
  </datafield>
  <datafield tag="700" ind1="0" ind2=" ">
   <subfield code="a">Mira Rinienta</subfield>
  </datafield>
  <datafield tag="700" ind1="0" ind2=" ">
   <subfield code="a">Erang Risanto (editor)</subfield>
  </datafield>
  <datafield tag="260" ind1=" " ind2=" ">
   <subfield code="a">Yogyakarta :</subfield>
   <subfield code="b">Andi,</subfield>
   <subfield code="c">2020</subfield>
  </datafield>
  <datafield tag="082" ind1=" " ind2=" ">
   <subfield code="a">330</subfield>
  </datafield>
  <datafield tag="084" ind1=" " ind2=" ">
   <subfield code="a">330 MUH e</subfield>
  </datafield>
  <datafield tag="020" ind1=" " ind2=" ">
   <subfield code="a">978-623-01-0418-3</subfield>
  </datafield>
  <datafield tag="650" ind1=" " ind2=" ">
   <subfield code="a">Ekonomi</subfield>
  </datafield>
  <datafield tag="520" ind1=" " ind2=" ">
   <subfield code="a">Materi di dalam buku ini mengupas satu persatu metode analisis yang dapat membantu pengambilan keputusan dari sebuah proyek Teknik. Tidak hanya itu, buku ini juga memperkenalkan istilah serta metode dalam ilmu ekonomi yang harus diperhitungkan dalam merencanakan proyek Teknik. Langkah-langkah rinci dalam aplikasi piranti Microsoft Excel yang dapat diikuti secara mudah menambah informasi yang terkemas dalam satu paket lengkap. Buku ini cocok untuk dimiliki siapa saja yang tertarik mengenai bagaimana ekonomi Teknik dapat diaplikasikan, baik tingkat akademik maupun praktisi perencanaan dan pelaksanaan di lapangan.</subfield>
  </datafield>
  <controlfield tag="008">251007                d          0 ind  </controlfield>
  <datafield tag="990" ind1=" " ind2=" ">
   <subfield code="a">025.4262/PC/25</subfield>
  </datafield>
  <datafield tag="990" ind1=" " ind2=" ">
   <subfield code="a">025.4263/PC/25</subfield>
  </datafield>
  <datafield tag="990" ind1=" " ind2=" ">
   <subfield code="a">025.4264/PC/25</subfield>
  </datafield>
 </record>
</collection>
